Zoologie (Registro nro. 70541)

Detalles MARC
000 -ENCABEZADO
Número de control [NR] 02495nam a22003137a 4500
005 - FECHA Y HORA DE LA ÚLTIMA TRANSACCIÓN
control field 20200330154543.0
008 - DE LONGITUD FIJA DE DATOS DE ELEMENTOS - INFORMACIÓN GENERAL
Elementos de longitud fija [NR] 130419s1866||||fr |||fr|||||001|0|fre d
040 ## - FUENTE DE CATALOGACION [NR]
Agencia de catalogación original [NR] Co-BoUCM
Idioma de catalogación [NR] spa
Quien Cataloga Sandra Yazo (modificó)
Quien Clasifica Sandra Yazo (modificó)
041 0# - CODIGO DE IDIOMA [R]
Código de idioma para texto/pista de sonido o título separado [R] Francés
082 04 - NUMERO DE CLASIFICACION DECIMAL DEWEY [R]
Número de clasificación [R] 591.1
Número de la edición [NR] 20
092 ## - SIGNATURA TOPOGRAFICA LOCAL
Número de clasificación local E06N030
100 1# - ASIENTO PRINCIPAL--NOMBRE PERSONAL [NR]
Nombre personal [NR] Gervais, Paul
Fechas asociadas con el nombre [NR] 1816-1879
ID Autoridad 40477
242 00 - TRADUCCION DEL TITULO POR LA AGENCIA CATALOGADORA [R]
Título [NR] Zoología
Parte restante del título [NR] Que incluye la anatomía, fisiología, clasificación e historia natural de los animales.
Mención de responsabilidad, etc. [NR] por M. Pablo Gervais ...
Código de idioma del título traducido [NR] spa
245 10 - MENCION DE TITULO [NR]
Título [NR] Zoologie
Parte restante del título [NR] Comprenant l'anatomie, la physiologie, la classification et l'histoire naturelle des animaux.
Mención de responsabilidad, etc. [NR] par M. Paul Gervais ...
260 ## - PUBLICACION, DISTRIBUCION, ETC. (PIE DE IMPRENTA) [R]
Lugar de publicación, distribución, etc. [R] París (Francia)
Nombre del editor, distribuidor, etc. [R] Librairie de L. Hachette et Cie [Librería de L. Hachette y compañía]
-- Imprimerie générale de Ch. Lahure [Imprenta general de Ch. Lahure]
Fecha de publicación, distribución, etc. [R] 1866
300 ## - DESCRIPCION FISICA [R]
Extensión [R] 448 páginas
Otros detalles físicos [NR] ilustraciones
Dimensiones [R] 22 x 14 cm.
490 ## - MENCION DE SERIE [R]
Mención de serie [R] Éléments des sciences naturelles [Elementos de ciencias naturales]
500 ## - NOTA GENERAL [R]
Nota general [NR] Detalles físicos: Encuadernación rígida en cartón forrado en tela texturizada. Lomo con nervaduras sobre costura y adornos en dorado. Tapas con repujados de recuadros. Guardas simulando papel de agua. Hoja de cortesía con anotación manuscrita. Portada impresa en una sola tinta con marca de propiedad. Texto impreso en una sola columna con varios tipos y tamaños de letra. Notas de pie de página. Varias ilustraciones entre el texto pág. 57, 79, 281, 355, 428. Varias páginas rotas (243, 275). Conserva la cinta para señalar la lectura
505 2# - NOTA DE CONTENIDO CON FORMATO PREESTABLECIDO [R]
Nota de contenido con formato preestablecido [NR] Características que distinguen a los seres organizados de los inorgánicos ; La "especie" en Historia Natural y especialmente en los seres organizados ; Caracteres distintivos de los animales ; Definición de la Zoología ; Principales tejidos animales -- Funciones y órganos animales: Digestión, circulación, respiración, secreción urinaria, calor animal, funciones de relación ; Órganos de locomoción ; Sistema nervioso ; La piel ; El tacto ; El olfato y el gusto ; La vista ; El oído ; Fonación ; Principios generales de clasificación de los animales
506 ## - NOTA DE RESTRICCIONES DE ACCESO [R]
Condiciones de acceso [NR] Consulta en sala
546 ## - NOTA DE IDIOMA [R]
Nota de idioma [NR] Texto en francés
650 #7 - ASIENTO SECUNDARIO DE MATERIA - TERMINO TEMATICO [R]
Término temático o nombre geográfico como elemento de entrada [NR] Zoología
9 (RLIN) 26437
650 #7 - ASIENTO SECUNDARIO DE MATERIA - TERMINO TEMATICO [R]
Término temático o nombre geográfico como elemento de entrada [NR] Fisiología animal
9 (RLIN) 15926
650 #7 - ASIENTO SECUNDARIO DE MATERIA - TERMINO TEMATICO [R]
Término temático o nombre geográfico como elemento de entrada [NR] Anatomía
9 (RLIN) 9026
650 #7 - ASIENTO SECUNDARIO DE MATERIA - TERMINO TEMATICO [R]
Término temático o nombre geográfico como elemento de entrada [NR] Historia natural
9 (RLIN) 16944
690 ## - ASUNTO AGREGADO LOCAL DE ENTRADA - TÉRMINO TEMÁTICO (OCLC, RLIN)
Acceso temático local Ciencias puras
9 (RLIN) 77097
856 48 - LOCALIZACION Y ACCESO ELECTRONICOS [R]
Identificador Uniforme del Recurso (“URI”) [R] <a href="https://gallica.bnf.fr/ark:/12148/bpt6k29353z">https://gallica.bnf.fr/ark:/12148/bpt6k29353z</a>
Nota dirigida al público [R] Disponible en línea
942 ## - ELEMENTOS DE ENTRADA AGREGADOS (KOHA)
Tipo de ítem principal el descrito en 300a Libro
Edición 1
Tema principal 25
Sistema de clasificación LOCAL
Clasificación E06N030
Existencias
Suprimido Perdido Sistema de clasificación Dañado No prestable Tipo de ítem específico Ubicación habitual Ubicación actual Localización Fecha de creación Forma de adquisición Costo Total préstamos Signatura topográfica Código de barras Última vez visto Ejemplar Price effective from Tipo de ítem
    LOCAL     Libro archivo Archivo Histórico Archivo Histórico Archivo histórico 12/07/2013 Donación 0.00   E06N030 L000970 15/12/2012 Ej.1 03/02/2013 Libro